[Event "Ch Hungary"]
[Site "masterchessopen.com – Budapest (Hungary)"]
[Round "0"]
[White "Honfi Karoly (HUN)"]
[Black "Sapi Laszlo (HUN)"]
[Result "1-0"]
[WhiteElo "2365"]
[BlackElo "2275"]

1.e4 c5 2.Nf3 Nc6 3.d4 cxd4 4.Nxd4 g6 5.c4 Bg7 6.Be3 Nf6 7.Nc3 O-O 8.Be2 d6
9.O-O Bd7 10.Rc1 a6 11.Qd2 Nxd4 12.Bxd4 Bc6 13.Qe3 Nd7 14.Bxg7 Kxg7 15.b4 Qb6
16.b5 {#r} 1-0

[Event "Olympiad URS"]
[Site "masterchessopen.com – Riga (Latvia)"]
[Round "0"]
[White "Slutzky Leonid (ISR)"]
[Black "Zilberman Nathan R (KGZ)"]
[Result "1-0"]
[WhiteElo "2328"]
[BlackElo "2330"]

1.Nf3 c5 2.c4 g6 3.d4 Bg7 4.e4 cxd4 5.Nxd4 Nc6 6.Be3 Nf6 7.Nc3 O-O 8.Be2 d6
9.O-O Nxd4 10.Bxd4 Be6 11.Qd3 a6 12.f4 Qa5 13.f5 Bd7 14.c5 gxf5 15.exf5 Qc7
16.Qg3 Kh8 17.Nd5 Qd8 18.cxd6 exd6 19.Qg5 h6 20.Qxf6 {#r} 1-0

[Event "?"]
[Site "masterchessopen.com – Denmark"]
[Round "0"]
[White "Luijpen Michiel (NED)"]
[Black "Olthof Rene A J A (NED)"]
[Result "0-1"]
[WhiteElo "2066"]
[BlackElo "2186"]

1.e4 c5 2.Nf3 Nc6 3.d4 cxd4 4.Nxd4 g6 5.c4 Bg7 6.Be3 Nf6 7.Nc3 O-O 8.Be2 b6
9.O-O Bb7 10.f3 e6 11.Ndb5 d5 12.cxd5 exd5 13.exd5 Ne7 14.d6 Nf5 15.Bf4 Nh5
16.Bc1 a6 17.Nc7 Qh4 18.g4 Bd4+ 19.Kh1 Be5 {#R} 0-1

[Event "Tournament \"]
[Site "masterchessopen.com – Greece"]
[Round "0"]
[White "Liarokapis Vlasios (GRE)"]
[Black "Ilandzis Spyridon (GRE)"]
[Result "0-1"]
[WhiteElo "2044"]
[BlackElo "2134"]

1.e4 c5 2.Nf3 Nc6 3.d4 cxd4 4.Nxd4 g6 5.c4 Bg7 6.Be3 Nf6 7.Nc3 O-O 8.Be2 b6
9.O-O Bb7 10.f3 Nh5 11.f4 Nxf4 12.Rxf4 Nxd4 13.Bxd4 e5 14.Nb5 exf4 15.Bxg7
Kxg7 16.Qd4+ Qf6 17.e5 Qg5 18.e6+ Kg8 19.Qf2 fxe6 20.Nd6 Bxg2 {#R} 0-1

[Event "It (open)"]
[Site "masterchessopen.com – New York (USA)"]
[Round "0"]
[White "De Firmian Nick E (USA)"]
[Black "Frias Victor J (CHI)"]
[Result "1-0"]
[WhiteElo "2490"]
[BlackElo "2493"]

1.e4 c5 2.Nf3 Nc6 3.d4 cxd4 4.Nxd4 g6 5.c4 Bg7 6.Be3 Nf6 7.Nc3 O-O 8.Be2 d6
9.O-O Nxd4 10.Bxd4 Be6 11.Qd2 Qa5 12.Rad1 Rfc8 13.b3 Ne8 14.Kh1 Bxd4 15.Qxd4
Qc5 16.Qd2 Nf6 17.f4 b5 18.f5 gxf5 19.exf5 Bd7 20.Bf3 bxc4 21.Nd5 Nxd5 22.Bxd5
c3 23.Qg5+ Kh8 24.Qxe7 {#r} 1-0

[Event "It (open)"]
[Site "masterchessopen.com – Bad Woerishofen (Germany)"]
[Round "0"]
[White "Putzbach Gerd (GER)"]
[Black "Nolting Arno (GER)"]
[Result "1-0"]
[WhiteElo "2234"]
[BlackElo "2195"]

1.e4 c5 2.Nf3 g6 3.c4 Bg7 4.d4 cxd4 5.Nxd4 Nc6 6.Be3 Nf6 7.Nc3 O-O 8.Be2 Nxd4
9.Bxd4 d6 10.f3 Bd7 11.Qd2 Bc6 12.O-O-O a6 13.Kb1 b5 14.cxb5 axb5 15.Bxb5 Bb7
16.Nd5 Bxd5 17.exd5 e6 18.dxe6 fxe6 19.Rhe1 Ra5 20.Qe2 Kh8 21.Bc3 Ra8 22.Qxe6
Qb6 {#r} 1-0

[Event "Ch Yugoslavia (team) (2 liga)"]
[Site "masterchessopen.com – Arandjelovac (Yugoslavia)"]
[Round "10"]
[White "Lazic Dragoljub (SRB)"]
[Black "Gavela Dragan (SRB)"]
[Result "0-1"]
[WhiteElo "2295"]
[BlackElo "2216"]

1.e4 c5 2.Nf3 Nc6 3.d4 cxd4 4.Nxd4 g6 5.c4 Bg7 6.Be3 Nf6 7.Nc3 O-O 8.Be2 b6
9.O-O Bb7 10.Qd2 Nxd4 11.Bxd4 e5 12.Bxe5 Nxe4 13.Nxe4 Bxe5 14.Nd6 Bxd6 15.Qxd6
Qg5 16.g3 Rae8 17.f4 Rxe2 18.fxg5 Rg2+ 19.Kh1 Rxg3+ 20.Qd5 Bxd5+ 21.cxd5 Rxg5
22.Rad1 Re8 23.Rd2 {#R} 0-1

[Event "It"]
[Site "masterchessopen.com – Salamanca (Spain)"]
[Round "4"]
[White "Sunye Neto Jaime (BRA)"]
[Black "Sion Castro Marcelino (ESP)"]
[Result "1-0"]
[WhiteElo "2470"]
[BlackElo "2371"]

1.c4 c5 2.Nf3 g6 3.d4 cxd4 4.Nxd4 Bg7 5.e4 Nc6 6.Be3 Nf6 7.Nc3 O-O 8.Be2 b6
9.O-O Bb7 10.Nxc6 dxc6 11.Qc2 Qc7 12.f4 Nd7 13.e5 e6 14.Rad1 f6 15.Bg4 Rfe8
16.Rd6 Nf8 17.exf6 Qxd6 18.fxg7 Kxg7 19.Ne4 Qc7 20.Qc3+ e5 21.fxe5 Rxe5 22.Bd4
Re8 23.c5 h5 24.Nd6 {#r} 1-0

[Event "It (open) \"]
[Site "masterchessopen.com – Santiago (Chile)"]
[Round "0"]
[White "Vasquez Rodrigo (CHI)"]
[Black "Silva Sebastain (CHI)"]
[Result "1-0"]
[WhiteElo "2532"]
[BlackElo "2320"]

1.e4 c5 2.Nf3 Nc6 3.d4 cxd4 4.Nxd4 g6 5.c4 Bg7 6.Be3 Nf6 7.Nc3 d6 8.Be2 O-O
9.O-O Bd7 10.Nb3 Ne5 11.c5 Neg4 12.Bf4 dxc5 13.Nxc5 Bc8 14.h3 Qxd1 15.Rfxd1
Nh6 16.e5 Ne8 17.Nd7 Bxd7 18.Rxd7 f6 19.e6 Nf5 20.g4 Nfd6 21.Nd5 Kh8 22.Nxe7
Nc8 23.Nxc8 Rxc8 24.e7 {#r} 1-0

[Event "It"]
[Site "masterchessopen.com – Bucharest (Romania)"]
[Round "0"]
[White "Miulescu Gabriel (ROM)"]
[Black "Micalizzi Giovanni (ITA)"]
[Result "0-1"]
[WhiteElo "2195"]
[BlackElo "2232"]

1.e4 c5 2.Nf3 Nc6 3.d4 cxd4 4.Nxd4 g6 5.c4 Bg7 6.Be3 Nf6 7.Nc3 O-O 8.Be2 d6
9.O-O Bd7 10.Rc1 Nxd4 11.Bxd4 Bc6 12.b4 e5 13.Be3 Nxe4 14.b5 Nxc3 15.Rxc3 Be4
16.Bf3 Bxf3 17.c5 {#R} 0-1

[Event "Ch Europe (team)"]
[Site "masterchessopen.com – Debrecen (Hungary)"]
[Round "0"]
[White "Gheorghiu Florin (ROM)"]
[Black "Brady Stephen (IRL)"]
[Result "1-0"]
[WhiteElo "2500"]
[BlackElo "2340"]

1.c4 c5 2.Nf3 Nc6 3.d4 cxd4 4.Nxd4 g6 5.e4 Bg7 6.Be3 Nf6 7.Nc3 O-O 8.Be2 d6
9.O-O a6 10.Rc1 Bd7 11.Nb3 Na5 12.c5 Nxb3 13.Qxb3 Bc6 14.cxd6 Nxe4 15.Nxe4
Bxe4 16.Qb4 Qxd6 17.Qxe4 Bxb2 18.Rb1 Be5 19.Rb6 {#r} 1-0

[Event "It (open)"]
[Site "masterchessopen.com – Dortmund (Germany)"]
[Round "11"]
[White "Krasenkow Michal (POL)"]
[Black "Slobodjan Roman (GER)"]
[Result "1-0"]
[WhiteElo "2495"]
[BlackElo "2315"]

1.c4 c5 2.Nf3 Nc6 3.d4 cxd4 4.Nxd4 g6 5.e4 Bg7 6.Be3 Nf6 7.Nc3 d6 8.Be2 O-O
9.O-O Re8 10.Rc1 a6 11.f4 Ng4 12.Bxg4 Bxd4 13.Bxd4 Bxg4 14.Qxg4 Nxd4 15.f5 e6
16.f6 Rc8 17.Qg5 Kh8 18.Rcd1 Rxc4 19.Rd3 Rg8 20.Rh3 Rc5 21.Nd5 Qf8 22.Qh4 {#r}
1-0

[Event "It \"]
[Site "masterchessopen.com – Philadelphia (USA)"]
[Round "0"]
[White "Kreiman Boris (USA)"]
[Black "Taylor Timothy (USA)"]
[Result "0-1"]
[WhiteElo "2482"]
[BlackElo "2284"]

1.e4 c5 2.Nf3 Nc6 3.d4 cxd4 4.Nxd4 g6 5.c4 Bg7 6.Be3 Nf6 7.Nc3 O-O 8.Be2 b6
9.O-O Bb7 10.f3 Rc8 11.Qd2 Nh5 12.Rfd1 Ne5 13.b3 f5 14.exf5 gxf5 15.Qc2 Qe8
16.Nxf5 Nxf3+ 17.Bxf3 Bxf3 18.Nxg7 Bxd1 19.Nxe8 Bxc2 20.Nc7 Rxc7 21.Nd5 Rb7
22.Nxe7+ Kf7 23.Nd5 {#R} 0-1

[Event "Ch World (juniors) (under 20)"]
[Site "masterchessopen.com – Buenos Aires (Argentina)"]
[Round "0"]
[White "Stefansson Hannes (ISL)"]
[Black "Silva Sebastain (CHI)"]
[Result "1-0"]
[WhiteElo "2500"]
[BlackElo "2320"]

1.e4 c5 2.Nf3 Nc6 3.d4 cxd4 4.Nxd4 g6 5.c4 Bg7 6.Be3 Nf6 7.Nc3 O-O 8.Be2 d6
9.O-O Bd7 10.Qd2 Nxd4 11.Bxd4 Bc6 12.f3 a5 13.b3 Nd7 14.Bf2 Nc5 15.Rab1 f5
16.exf5 gxf5 17.Rbd1 Be5 18.Bxc5 {#r} 1-0

[Event "It (open)"]
[Site "masterchessopen.com – Cannes (France)"]
[Round "0"]
[White "Santo-Roman Marc (FRA)"]
[Black "Berend Fred (LUX)"]
[Result "1-0"]
[WhiteElo "2392"]
[BlackElo "2381"]

1.e4 c5 2.Nf3 Nc6 3.d4 cxd4 4.Nxd4 g6 5.c4 Bg7 6.Be3 Nf6 7.Nc3 O-O 8.Be2 d6
9.O-O Re8 10.Ndb5 a6 11.Na3 Nd7 12.Qd2 Nc5 13.f3 Qa5 14.Rac1 Be6 15.Rfd1 Na4
16.Nab1 Rec8 17.b3 Nxc3 18.Nxc3 Nb4 19.Na4 Re8 20.Bb6 {#r} 1-0

[Event "Ch Romania"]
[Site "masterchessopen.com – Bucharest (Romania)"]
[Round "0"]
[White "Badea Bela (ROM)"]
[Black "Ceteras Marius (ROM)"]
[Result "1-0"]
[WhiteElo "2435"]
[BlackElo "2330"]

1.c4 g6 2.Nf3 Bg7 3.d4 c5 4.e4 cxd4 5.Nxd4 Nc6 6.Be3 Nf6 7.Nc3 O-O 8.Be2 b6
9.O-O Bb7 10.f4 e5 11.Ndb5 Ne8 12.f5 Rc8 13.Nd5 f6 14.Nxa7 Nxa7 15.Bxb6 Nc7
16.Bxa7 Nxd5 17.exd5 d6 18.Be3 Qd7 19.Bd3 e4 20.Be2 gxf5 21.Qe1 f4 22.Bxf4 f5
{#r} 1-0

[Event "Memorial Schneider"]
[Site "masterchessopen.com – Budapest (Hungary)"]
[Round "9"]
[White "Fogarasi Tibor (HUN)"]
[Black "Kulcsar Miklos (HUN)"]
[Result "1-0"]
[WhiteElo "2445"]
[BlackElo "2119"]

1.e4 c5 2.Nf3 Nc6 3.d4 cxd4 4.Nxd4 g6 5.c4 Bg7 6.Be3 Nf6 7.Nc3 d6 8.Be2 O-O
9.O-O Ng4 10.Bxg4 Bxg4 11.Nxc6 Bxd1 12.Nxd8 Bc2 13.Rac1 Bd3 14.Rfd1 Bxc4
15.Nxb7 a5 16.b3 Be6 17.Nd5 Bxd5 18.Rxd5 {#r} 1-0

[Event "Bundesliga (2nd) West 1993/94"]
[Site "masterchessopen.com – Germany"]
[Round "0"]
[White "Holzke Frank (GER)"]
[Black "Pigusov Evgeny (RUS)"]
[Result "0-1"]
[WhiteElo "2385"]
[BlackElo "2575"]

1.e4 c5 2.Nf3 Nc6 3.d4 cxd4 4.Nxd4 g6 5.c4 Bg7 6.Be3 Nf6 7.Nc3 O-O 8.Be2 b6
9.O-O Bb7 10.Rc1 Nxd4 11.Bxd4 Bh6 12.e5 Bxc1 13.exf6 Bg5 14.fxe7 Qxe7 15.Bf3
Bc6 16.Bd5 Rae8 17.Qf3 Qd6 18.g3 Bxd5 19.Nxd5 Re6 20.b4 Rc8 21.Bb2 Rxc4 22.Rd1
Qc6 23.b5 Qxb5 24.Nb4 {#R} 0-1

[Event "Ch Germany (juniors) (club) (under 15)"]
[Site "masterchessopen.com – Bonn (Germany)"]
[Round "4"]
[White "Held Markus (GER)"]
[Black "Medwed Eugen"]
[Result "1-0"]
[WhiteElo "2210"]
[BlackElo "1895"]

1.e4 c5 2.Nf3 g6 3.c4 Bg7 4.d4 cxd4 5.Nxd4 Nc6 6.Be3 Nf6 7.Nc3 O-O 8.Be2 Qa5
9.O-O Qe5 10.f4 Qb8 11.Kh1 h5 12.Rc1 d6 13.h3 Bd7 14.Qd2 Qc8 15.Kh2 b6 16.b3
Qb7 17.Bf3 Qc7 18.Nd5 Qd8 19.Nxf6+ Bxf6 20.e5 Nxe5 21.Bxa8 Qxa8 22.fxe5 Bxe5+
23.Kg1 Qe4 24.Rce1 {#r} 1-0

[Event "It (open)"]
[Site "masterchessopen.com – Finland"]
[Round "0"]
[White "Rytshagov Mikhail (EST)"]
[Black "Keskisarja Teemu (FIN)"]
[Result "1-0"]
[WhiteElo "2475"]
[BlackElo "2250"]

1.e4 c5 2.Nf3 Nc6 3.d4 cxd4 4.Nxd4 g6 5.c4 Bg7 6.Be3 Nf6 7.Nc3 O-O 8.Be2 d6
9.O-O Bd7 10.Nc2 a6 11.f3 Rb8 12.Qd2 Qa5 13.Rae1 Rfe8 14.b4 Qd8 15.Nd5 b5
16.c5 dxc5 17.Bxc5 Nxd5 18.exd5 Ne5 {#r} 1-0

[Event "It (open)"]
[Site "masterchessopen.com – Lyons (France)"]
[Round "3"]
[White "Gervais Claire (FRA)"]
[Black "Haik Aldo (FRA)"]
[Result "0-1"]
[WhiteElo "2190"]
[BlackElo "2445"]

1.d4 g6 2.c4 c5 3.Nf3 cxd4 4.Nxd4 Bg7 5.e4 Nc6 6.Be3 Nf6 7.f3 Qb6 8.Qb3 Ng4
9.Nf5 Nxe3 10.Nxe3 Bxb2 11.Nd5 Qa5+ {#R} 0-1

[Event "Ch Netherlands (team) 1995/96"]
[Site "masterchessopen.com – Netherlands"]
[Round "8"]
[White "Van Der Poel Henk (NED)"]
[Black "De Rover Yong Hoon (NED)"]
[Result "1-0"]
[WhiteElo "2355"]
[BlackElo "2264"]

1.e4 c5 2.Nf3 Nc6 3.d4 cxd4 4.Nxd4 g6 5.c4 Bg7 6.Be3 Nf6 7.Nc3 d6 8.Be2 O-O
9.O-O Bd7 10.Qd2 Nxd4 11.Bxd4 Bc6 12.f3 a5 13.Rad1 a4 14.Kh1 Qa5 15.Bd3 Rfc8
16.f4 e5 17.fxe5 dxe5 18.Be3 Ng4 19.Bg5 f6 20.Be2 Rd8 21.Nd5 fxg5 22.Qxa5 {#r}
1-0

[Event "It (open) \"]
[Site "masterchessopen.com – Pardubice (Czech Republic)"]
[Round "3"]
[White "Ivanov Timur (RUS)"]
[Black "Nielsen Peter Heine (DEN)"]
[Result "0-1"]
[WhiteElo "2385"]
[BlackElo "2500"]

1.Nf3 c5 2.c4 g6 3.e4 Bg7 4.d4 cxd4 5.Nxd4 Nc6 6.Be3 Nf6 7.Nc3 O-O 8.Be2 d6
9.O-O Bd7 10.Qd2 Nxd4 11.Bxd4 Bc6 12.f3 a5 13.Rab1 Nd7 14.Bf2 a4 15.b4 axb3
16.axb3 Ra3 17.Rfc1 Nc5 18.Bd1 b6 19.b4 Nd7 20.Ra1 Bxc3 {#R} 0-1

[Event "Ch Iceland"]
[Site "masterchessopen.com – Reykjavik (Iceland)"]
[Round "7"]
[White "Stefansson Hannes (ISL)"]
[Black "Jonasson Benedikt (ISL)"]
[Result "1-0"]
[WhiteElo "2520"]
[BlackElo "2300"]

1.e4 c5 2.Nf3 Nc6 3.d4 cxd4 4.Nxd4 g6 5.c4 Bg7 6.Be3 Nf6 7.Nc3 O-O 8.Be2 b6
9.O-O Bb7 10.f3 Qb8 11.Rc1 Rd8 12.Ndb5 d6 13.Qd2 Rd7 14.f4 Qf8 15.Bf3 Rdd8
16.Rfd1 Nd7 17.Nd5 f5 18.exf5 gxf5 19.Nbc7 Nc5 20.Nxa8 Bxa8 21.Nc7 Bb7 {#r}
1-0

[Event "It (open)"]
[Site "masterchessopen.com – Sarospatak (Hungary)"]
[Round "0"]
[White "Lengyel Gabor (HUN)"]
[Black "Toth Tamas (HUN)"]
[Result "1-0"]
[WhiteElo "1850"]
[BlackElo "1994"]

1.e4 c5 2.Nf3 Nc6 3.d4 cxd4 4.Nxd4 g6 5.c4 Bg7 6.Be3 Nf6 7.Nc3 O-O 8.Be2 b6
9.f3 Bb7 10.O-O Re8 11.Nxc6 dxc6 12.Rc1 Qxd1 13.Rfxd1 Red8 14.c5 b5 15.a3 h6
16.b4 Rd7 17.Rxd7 Nxd7 18.Nxb5 a5 19.Nd4 Bxd4 20.Bxd4 Ba6 21.Bxa6 Rxa6 22.b5
cxb5 23.c6 Nc5 24.Rxc5 {#r} 1-0

[Event "Ch Chivilcoy"]
[Site "masterchessopen.com – Chivilcoy (Argentina)"]
[Round "0"]
[White "Recoulat Eduardo J (ARG)"]
[Black "Schuster Carlos (ARG)"]
[Result "1-0"]
[WhiteElo "2185"]
[BlackElo "2295"]

1.c4 c5 2.Nf3 Nc6 3.d4 cxd4 4.Nxd4 g6 5.e4 Bg7 6.Be3 Nf6 7.Nc3 d6 8.Be2 O-O
9.O-O Ng4 10.Bxg4 Bxg4 11.Nxc6 {#r} 1-0

[Event "It (open) \"]
[Site "masterchessopen.com – General Pico City (Argentina)"]
[Round "7"]
[White "Giaccio Alfredo (ARG)"]
[Black "Barria Daniel (CHI)"]
[Result "1-0"]
[WhiteElo "2465"]
[BlackElo "2380"]

1.e4 c5 2.Nf3 Nc6 3.d4 cxd4 4.Nxd4 g6 5.c4 Bg7 6.Be3 Nf6 7.Nc3 d6 8.Be2 O-O
9.O-O Bd7 10.Qd2 a6 11.f3 Qb8 12.Rac1 Re8 13.Rfd1 h5 14.a3 Kh7 15.b4 b5
16.Nxc6 Bxc6 17.Qa2 Kg8 18.Nd5 Qb7 19.Nc7 Qxc7 20.cxb5 axb5 21.Bxb5 Reb8
22.Bxc6 {#r} 1-0

[Event "Olympiad (for the Blind)"]
[Site "masterchessopen.com – Laguna (Brazil)"]
[Date "1996.06.05"]
[Round "5"]
[White "Kopriva Petr (CZE)"]
[Black "Smirnovas Jevgenijus (LTU)"]
[Result "0-1"]
[WhiteElo "2048"]
[BlackElo "1933"]

1.e4 c5 2.Nf3 g6 3.d4 cxd4 4.Nxd4 Bg7 5.c4 Nc6 6.Be3 Nf6 7.Nc3 O-O 8.Be2 d6
9.O-O Bd7 10.h3 Nxd4 11.Bxd4 Bc6 12.Qd3 Qc7 13.f4 e5 14.Be3 exf4 15.Rxf4 {#R}
0-1

[Event "It (w)"]
[Site "masterchessopen.com – Dresden (Germany)"]
[Round "9"]
[White "Sasu-Ducsoara Andreea-Teodora (ROM)"]
[Black "Ankerst Milka (SLO)"]
[Result "0-1"]
[WhiteElo "2110"]
[BlackElo "2170"]

1.e4 c5 2.Nf3 Nc6 3.d4 cxd4 4.Nxd4 g6 5.c4 Bg7 6.Be3 Nf6 7.Nc3 d6 8.Be2 O-O
9.O-O a6 10.Qd2 Ng4 11.Bxg4 Bxg4 12.f3 Bd7 13.Rfd1 Rc8 14.Rac1 Nxd4 15.Bxd4
Rxc4 16.e5 Be6 17.Qe3 dxe5 18.Bxe5 Qc8 19.b3 Qc5 20.Rd3 Bxe5 21.bxc4 Qxe3+
22.Rxe3 Bd4 {#R} 0-1

[Event "Ch Helsinki"]
[Site "masterchessopen.com – Helsinki (Finland)"]
[Round "2"]
[White "Kokkila Tero (FIN)"]
[Black "Salimaki Janne (FIN)"]
[Result "1-0"]
[WhiteElo "2335"]
[BlackElo "2209"]

1.e4 c5 2.Nf3 Nc6 3.d4 cxd4 4.Nxd4 g6 5.c4 Bg7 6.Be3 Nf6 7.Nc3 O-O 8.Be2 d6
9.O-O Bd7 10.Nc2 a6 11.f3 Rc8 12.Qd2 Qc7 13.Rac1 Ne5 14.Nb4 Rfe8 15.Ncd5 Qb8
16.c5 Nxd5 17.Nxd5 Bc6 18.Rfd1 Rcd8 19.cxd6 Rxd6 20.Nxe7+ Rxe7 21.Qxd6 Qxd6
22.Rxd6 f5 23.Rd8+ Kf7 24.f4 {#r} 1-0

[Event "It (open)"]
[Site "masterchessopen.com – Vlissingen (Netherlands)"]
[Round "1"]
[White "De Vreugt Dennis (NED)"]
[Black "Lammens Tijs"]
[Result "1-0"]
[WhiteElo "2295"]
[BlackElo "2195"]

1.e4 c5 2.Nf3 Nc6 3.d4 cxd4 4.Nxd4 g6 5.c4 Bg7 6.Be3 Nf6 7.Nc3 d6 8.Be2 O-O
9.f3 Bd7 10.Qd2 a6 11.O-O Qc7 12.Rac1 Ne5 13.Nd5 Nxd5 14.cxd5 Qd8 15.h3 f5
16.f4 Nf7 17.exf5 Bxf5 18.g4 Bd7 19.Ne6 Qe8 20.Nxg7 Kxg7 21.Qd4+ Kg8 22.Bd2 e5
23.dxe6 Qxe6 24.Bc4 {#r} 1-0

[Event "It (open)"]
[Site "masterchessopen.com – Creon (France)"]
[Round "3"]
[White "Preux Paul-Olivier (FRA)"]
[Black "Prie Eric (FRA)"]
[Result "0-1"]
[WhiteElo "2225"]
[BlackElo "2465"]

1.e4 c5 2.Nf3 Nc6 3.d4 cxd4 4.Nxd4 g6 5.c4 Bg7 6.Be3 Nf6 7.Nc3 O-O 8.Be2 d6
9.O-O a6 10.Rc1 Nxd4 11.Bxd4 Qa5 12.Nd5 Nxd5 13.cxd5 Bxd4 14.Qxd4 Bd7 15.b4
Qxa2 16.Rc7 Qxe2 17.Rxd7 Rfe8 18.Rc1 Rac8 19.Rf1 Qb5 {#R} 0-1

[Event "It (open) (juniors) (under 20)"]
[Site "masterchessopen.com – Hengelo (Netherlands)"]
[Round "0"]
[White "Lahaye Rick (NED)"]
[Black "Snuverink Laurens (NED)"]
[Result "1-0"]
[WhiteElo "2366"]
[BlackElo "1926"]

1.e4 c5 2.c4 Nc6 3.Nf3 g6 4.d4 cxd4 5.Nxd4 Bg7 6.Be3 Nf6 7.f3 O-O 8.Qd2 d6
9.Nc3 Bd7 10.Be2 Rc8 11.O-O Ne5 12.b3 Bc6 13.Rfd1 h5 14.h3 Kh7 15.f4 Ned7
16.Bf3 Ne8 17.g4 e5 18.Nxc6 Rxc6 19.f5 h4 20.Nd5 Nc7 21.Nb4 {#r} 1-0

[Event "It (open)"]
[Site "masterchessopen.com – Klatovy (Czech Republic)"]
[Round "0"]
[White "Simandl Karel (CZE)"]
[Black "Fuchs Ludek (CZE)"]
[Result "1-0"]
[WhiteElo "2098"]
[BlackElo "2004"]

1.e4 c5 2.Nf3 Nc6 3.d4 cxd4 4.Nxd4 g6 5.c4 Bg7 6.Be3 Nf6 7.Nc3 O-O 8.Be2 d6
9.O-O Bd7 10.Rc1 Ne8 11.Kh1 Nc7 12.Nxc6 Bxc6 13.f3 Ne6 14.b4 b6 15.Nd5 Nc7
16.Qd2 Nxd5 17.cxd5 Bb7 18.Bg5 f6 19.Be3 Qd7 20.a4 Qxa4 21.Rc7 Ba6 22.Bxa6
Qxa6 23.Rfc1 Rac8 24.b5 {#r} 1-0

[Event "It (open)"]
[Site "masterchessopen.com – Korinthos (Greece)"]
[Round "6"]
[White "Cvetkovic Srdjan (SRB)"]
[Black "Koukos Ilias (GRE)"]
[Result "1-0"]
[WhiteElo "2450"]
[BlackElo "2054"]

1.c4 c5 2.Nf3 g6 3.e4 Bg7 4.d4 cxd4 5.Nxd4 Nc6 6.Be3 Nf6 7.Nc3 O-O 8.Be2 d6
9.O-O Bd7 10.Nb3 Ne5 11.f3 h5 12.Rc1 b6 13.Qd2 Be6 14.Nd5 Nfd7 15.Nd4 Nb8
16.f4 Nec6 17.Nxe6 fxe6 18.f5 exd5 19.Qxd5+ Kh8 20.fxg6 Rf6 21.Qxh5+ Kg8
22.Qh7+ Kf8 23.Bh6 Bxh6 24.Qh8# 1-0

[Event "Ch World (juniors) (under 16) (g)"]
[Site "masterchessopen.com – Marina d'Or (Spain)"]
[Round "6"]
[White "Balkhamishvili Tamar (GEO)"]
[Black "Luong Phuong Hanh (VIE)"]
[Result "1-0"]
[WhiteElo "2035"]
[BlackElo "2125"]

1.e4 c5 2.Nf3 Nc6 3.d4 cxd4 4.Nxd4 g6 5.c4 Bg7 6.Be3 Nf6 7.Nc3 d6 8.Be2 O-O
9.O-O Bd7 10.Rc1 Rc8 11.f3 a6 12.b3 e6 13.Nc2 Qe7 14.Qd2 Rfd8 15.Bb6 Re8
16.Rfd1 Bf8 17.Ne3 Nb8 18.b4 Nh5 19.Ng4 Bc6 20.b5 axb5 21.cxb5 Bd7 22.e5 dxe5
23.Nxe5 Bg7 24.Nxd7 Qxd7 {#r} 1-0

[Event "It \"]
[Site "masterchessopen.com – Romania"]
[Round "0"]
[White "Rendi Eva (ROM)"]
[Black "Schmidt Raul (ROM)"]
[Result "0-1"]
[WhiteElo "2101"]
[BlackElo "2371"]

1.e4 c5 2.Nf3 Nc6 3.d4 cxd4 4.Nxd4 g6 5.c4 Bg7 6.Be3 Nf6 7.Nc3 d6 8.Be2 O-O
9.f3 Bd7 10.g4 Rc8 11.g5 Nh5 12.Qd2 Nxd4 13.Bxd4 Bxd4 14.Qxd4 Qa5 15.Qd2 Be6
16.b3 Qe5 17.O-O-O Nf4 18.Kb2 Qxg5 19.h4 Qe5 20.h5 Nxe2 21.Qxe2 b5 22.f4 Qxf4
23.Nd5 Qe5+ {#R} 0-1

[Event "Ch World (universities)"]
[Site "masterchessopen.com – Rotterdam (Netherlands)"]
[Round "4"]
[White "Sluka Radek (CZE)"]
[Black "Strijbos Maarten (NED)"]
[Result "1-0"]
[WhiteElo "2380"]
[BlackElo "2250"]

1.e4 c5 2.Nf3 Nc6 3.d4 cxd4 4.Nxd4 g6 5.c4 Bg7 6.Be3 Nf6 7.Nc3 O-O 8.Be2 b6
9.O-O Bb7 10.f3 Qb8 11.Qd2 Rd8 12.Nc2 d6 13.Rac1 Rd7 14.b4 Qf8 15.b5 Na5
16.Nd5 e6 17.Nxf6+ Bxf6 18.c5 Rc7 19.c6 Bc8 20.Bh6 Qe7 21.Ne3 a6 22.Ng4 {#r}
1-0

[Event "Memorial M.Najdorf (open)"]
[Site "masterchessopen.com – Buenos Aires (Argentina)"]
[Round "4"]
[White "Zarnicki Pablo (ARG)"]
[Black "Nedilsky Diego (ARG)"]
[Result "1-0"]
[WhiteElo "2497"]
[BlackElo "2321"]

1.e4 c5 2.Nf3 Nc6 3.d4 cxd4 4.Nxd4 g6 5.c4 Bg7 6.Be3 Nf6 7.Nc3 O-O 8.Be2 d6
9.O-O Bd7 10.Qd2 Nxd4 11.Bxd4 Bc6 12.f3 a5 13.b3 Nd7 14.Bf2 Nc5 15.Rab1 b6
16.Rfc1 Be5 17.Nd5 Rb8 18.Bh4 Rb7 19.Kh1 Qe8 20.Re1 Kh8 21.Bd1 e6 22.Nf6 Qe7
23.Qh6 {#r} 1-0

[Event "It (cat.10)"]
[Site "masterchessopen.com – Dhaka (Bangladesh)"]
[Round "5"]
[White "Reefat Bin-Sattar (BAN)"]
[Black "Rahman Ziaur (BAN)"]
[Result "0-1"]
[WhiteElo "2377"]
[BlackElo "2461"]

1.e4 c5 2.Nf3 Nc6 3.d4 cxd4 4.Nxd4 g6 5.c4 Bg7 6.Be3 Nf6 7.Nc3 O-O 8.Be2 b6
9.O-O Bb7 10.f3 Rc8 11.Qd2 Re8 12.Ndb5 d6 13.Nd5 Nd7 14.Rfd1 a6 15.Nd4 Nce5
16.b3 e6 17.Nc3 f5 18.exf5 gxf5 19.Rac1 Qf6 20.f4 Qg6 21.g3 Ng4 22.Rf1 Nxe3
23.Qxe3 e5 {#R} 0-1

[Event "It (open)"]
[Site "masterchessopen.com – Greifswald (Germany)"]
[Round "5"]
[White "Hippe Franziska (GER)"]
[Black "Becker Nils (GER)"]
[Result "1-0"]
[WhiteElo "1972"]
[BlackElo "2145"]

1.e4 c5 2.Nf3 Nc6 3.d4 cxd4 4.Nxd4 g6 5.c4 Bg7 6.Be3 Nf6 7.Nc3 d6 8.Be2 O-O
9.O-O Bd7 10.Kh1 Rc8 11.f4 b6 12.Nxc6 Bxc6 13.Bd3 Qd7 14.f5 Qb7 15.Nd5 Rce8
16.Qf3 Kh8 17.Qh3 h5 18.fxg6 fxg6 19.e5 Ng4 20.Bxg6 {#r} 1-0